00303 a2200133 450000100060000002000180000604000220002410000250004624000360007124500250010730000070013236200090013965000210014868095 a9783193115591 cAnchieta - Pituba aZschärlich, Renate10aPaul, Lisa & Co A1.1ldeu / ger10aPaul, Lisa & Co A1.1 a920 a2018 4aLíngua alemã